000 00736nam a2200205Ia 4500
005 20241129110124.0
008 241129s9999||||xx |||||||||||||| ||und||
037 _aTB
040 _aARTS
_bpun
_cARTS
041 _apun
_2pun
084 _aMYk 153Q1(RR)
_qARTS
100 _aਸੇਖੋ੍ਂ ਬਲਜੀਤ ਸਿੰਘ, ਚ।
245 0 _aਖੇਡ ਵਿਸ਼ਾ ਕੋਸ਼
_cਸੇਖੋ੍ਂ ਬਲਜੀਤ ਸਿੰਘ, ਚ।
260 _aਪਟਿਆਲਾ, ਭਾਰਤ
_bਪਟਿਆਲਾ ਪਬਲੀਕੇFਨ ਬਿਊਰੋ
_c2012
300 _a194ਪ੍ਰ0
365 _aINR
_b200
650 _aUseful ArtsPhysical Training
_9726207
942 _cTB
_hMYk 153Q1(RR)
999 _c1227393
_d1227393